000 00251nam a2200097Ia 4500
001 805580
005 20250826171155.0
008 250824s9999 xx 000 0 und d
245 0 _aSOKAĞA AÇILAN KAPI
_cAHMED GÜNBAY YILDIZ
260 _bTİMAŞ YAYINLARI
999 _c805580
_d805580